|
|
|
|
| LEADER |
01138nam a2200253 a 4500 |
| 001 |
11822610 |
| 008 |
100104s1999 bg b 000 0 eng d |
| 010 |
|
|
|a \\\99936501
|
| 020 |
|
|
|a 9844015413
|
| 040 |
|
|
|a DLC
|c DLC
|d DLC
|d BD-DhAAL
|
| 082 |
0 |
0 |
|a 323.95492/3
|2 21
|
| 100 |
1 |
|
|a Hosena, Saiẏada Ānoẏāra,
|d 1934-
|
| 245 |
1 |
0 |
|a War and peace in the Chittagong Hill Tracts :
|b retrospect and prospect /
|c Syed Anwar Husain.
|
| 250 |
|
|
|a 1st ed.
|
| 260 |
|
|
|a Dhaka :
|b Agamee Prakashani,
|c 1999.
|
| 300 |
|
|
|a 93 p. ;
|c 22 cm.
|
| 520 |
|
|
|a Chiefly on insurgency problems in Bangladesh.
|
| 504 |
|
|
|a Includes bibliographical references.
|
| 541 |
1 |
|
|e 00013475
|
| 650 |
|
0 |
|a Insurgency
|z Bangladesh
|z Chittagong Hill Tracts (Region)
|
| 852 |
4 |
|
|a Ayesha Abed Library
|j General shelf
|
| 999 |
|
|
|c 6691
|d 6691
|
| 952 |
|
|
|0 0
|1 0
|2 ddc
|4 0
|6 323_954923000000000_HOS
|7 0
|9 6862
|a BRACUL
|b BRACUL
|c GEN
|d 2010-01-05
|g 120.00
|l 3
|m 3
|o 323.954923 HOS
|p 3010013475
|r 2026-05-20
|s 2026-04-27
|t 1
|w 2010-01-05
|y BK
|
| 952 |
|
|
|0 0
|1 0
|2 ddc
|4 0
|6 323_954923000000000_HOS
|7 0
|9 6863
|a BRACUL
|b BRACUL
|c GEN
|d 2010-01-05
|g 120.00
|l 0
|o 323.954923 HOS
|p 3010013476
|r 2010-01-05
|t 2
|w 2010-01-05
|y BK
|